Logo BPK

Bibliografia Prac Pracowników

Politechniki Koszalińskiej

Analysis of values chosen parameters in relation to evaluation of stereometric properties and classifications of surface features / (Rekord nr 3507)

Szczegóły MARC
000 -ETYKIETA REKORDU
podpole kontrolne o stałej długości 01476naa a2200277 i 4500
001 - NUMER KONTROLNY REKORDU
podpole kontrolne BPP
003 - IDENTYFIKATOR NUMERU KONTROLNEGO REKORDU
podpole kontrolne BPK
005 - DATA OSTATNIEJ MODYFIKACJI REKORDU
podpole kontrolne 20180403105431.0
008 - POLE O STAŁEJ DŁUGOŚCI - DANE KONTROLNE
podpole kontrolne o stałej długości 140523s2009 pl f |100 0 pol
040 ## - ŹRÓDŁO KATALOGOWANIA
Instytucja, która utworzyła rekord BPK
041 ## - KOD JĘZYKA
Kod języka tekstu eng
044 ## - KOD KRAJU WYDAWCY/PRODUCENTA
Kod kraju wydawcy/producenta POL
100 ## - NAZWA OSOBOWA
Nazwa osobowa TOMKOWSKI, Robert.
Lata pracy 2008 - .
Instytucja Politechnika Koszalińska - Wydział Mechaniczny,
Wydział Katedra Mechaniki Precyzyjnej
245 ## - TYTUŁ/ODPOWIEDZIALNOŚĆ
Tytuł Analysis of values chosen parameters in relation to evaluation of stereometric properties and classifications of surface features /
Pozostałe elementy strefy tytułu i oznaczenia odpowiedzialności Robert Tomkowski, Anna Tomkowska, Wojciech Kacalak.
260 ## - STREFA ADRESU WYDAWNICZEGO
Data publikacji, dystrybucji/powstania dokumentu 2009.
500 ## - UWAGI OGÓLNE
Tekst uwagi Dane z autopsji.
650 #0 - HASŁO PRZEDMIOTOWE W FORMIE NAZWY OGÓLNEJ LUB JEDNOSTKOWEJ
Nazwa ogólna lub geograficzna Stereometric structure of surface.
650 ## - HASŁO PRZEDMIOTOWE W FORMIE NAZWY OGÓLNEJ LUB JEDNOSTKOWEJ
Nazwa ogólna lub geograficzna Evaluation parameters.
650 ## - HASŁO PRZEDMIOTOWE W FORMIE NAZWY OGÓLNEJ LUB JEDNOSTKOWEJ
Nazwa ogólna lub geograficzna Classification.
655 #0 - TERMIN INDEKSOWY - OKREŚLENIE RODZAJU/FORMY DOKUMENTU
Określnie rodzaju/formy dokumentu Materiały konferencyjne.
700 ## - HASŁO DODATKOWE - NAZWA OSOBOWA
Nazwa osobowa KACALAK, Wojciech.
Lata pracy 1996 - .
Instytucja Politechnika Koszalińska - Wydział Mechaniczny,
Wydział Katedra Mechaniki Precyzyjnej
773 ## - TYTUŁ DOKUMENTU MACIERZYSTEGO
Wyrażenie wprowadzające W :
Tytuł Proceedings of the 12th International Conference on Metrology and Properties of Engineering Surfaces / eds. P. Pawlus, L. Blunt, B.G. Rosen, T. Thomas, M. Wieczorowski, H. Zahouani. -
Adres wydawniczy Rzeszów : University of Technology, 2009. -
Informacje dotyczące relacji s. 289-293
711 ## - HASŁO DODATKOWE - NAZWA IMPREZY
Nazwa imprezy International Conference on Metrology and Properties of Engineering Surfaces
Oznaczenie części/sekcji dzieła (12 ;
Data imprezy 2009 ;
Miejsce imprezy Rzeszów, Polska).
700 ## - HASŁO DODATKOWE - NAZWA OSOBOWA
Nazwa osobowa TOMKOWSKA, Anna.
Instytucja Politechnika Koszalińska - Wydział Mechaniczny,
Wydział Katedra Mechaniki Precyzyjnej
942 ## - HASŁO DODATKOWE - ELEMENTY(KOHA)
Typ dokumentu Artykuł
Schemat klasyfikacji Uniwersalna klasyfikacja dziesiętna

Brak dostępnych egzemplarzy.

© 2014 Biblioteka Politechniki Koszalińskiej :: BIBLIOGRAFIA PRAC PRACOWNIKÓW